000 01359nam a2200361 a 4500
001 ebr2004090
003 CaPaEBR
006 m u
007 cr cn|||||||||
008 980506s1998 enk sb 001 0 eng
010 _z 98024886
020 _z0415182816 (hardcover)
020 _z0415182824 (pbk.)
040 _aCaPaEBR
_cCaPaEBR
035 _a(OCoLC)54060445
050 1 4 _aGN491.7
_b.L63 1998eb
082 0 4 _a304.2/3
_221
245 0 0 _aLocality and belonging
_h[electronic resource] /
_cedited by Nadia Lovell.
260 _aLondon ;
_aNew York :
_bRoutledge,
_c1998.
300 _axiv, 218 p.
490 0 _aEuropean Association of Social Anthropologists
504 _aIncludes bibliographical references and index.
533 _aElectronic reproduction.
_bPalo Alto, Calif. :
_cebrary,
_d2013.
_nAvailable via World Wide Web.
_nAccess may be limited to ebrary affiliated libraries.
650 0 _aHuman territoriality.
650 0 _aHuman beings
_xEffect of environment on.
650 0 _aGeographical perception.
650 0 _aLandscape assessment.
650 0 _aPlace (Philosophy)
655 7 _aElectronic books.
_2local
700 1 _aLovell, Nadia,
_d1963-
710 2 _aebrary, Inc.
856 4 0 _uhttp://site.ebrary.com/lib/rucke/Doc?id=2004090
_zAn electronic book accessible through the World Wide Web; click to view
999 _c123002
_d123002